Largest European Cities by Letter - A - Statistics

General Stats
  • This quiz has been taken 217 times
    105 since last reset
  • The average score is 12 of 20
Answer Stats
Rank Population Country Hint City % Correct
1 849,000 Netherlands Canals (Grachten) Amsterdam
100%
2 664,000 Greece Acropolis Athens
100%
4 517,000 Belgium Diamonds Antwerp
99%
11 201,000 United Kingdom Silver City of Scotland Aberdeen
92%
9 246,000 Germany Near the borders of the Netherlands and Belgium Aachen
88%
8 269,000 Denmark Largest centre in Jutland Aarhus
88%
6 331,000 Spain Costa Blanca Alicante
86%
5 351,000 Russia Seaport on the White Sea Arkhangelsk
77%
7 286,000 Germany Fugger family Augsburg
70%
10 244,000 Spain Tower of Hercules A Coruña
63%
3 532,000 Russia Mouth of the Volga River Astrakhan
60%
14 195,000 Spain Beaches, vegetable production Almeria
56%
12 201,000 Netherlands Planned city on a new-built island Almere
41%
19 160,000 Netherlands Paleis Het Loo Apeldoorn
34%
17 172,000 Spain Knife manufactures Albacete
30%
16 175,000 Portugal Lisbon suburb Amadora
30%
20 159,000 Romania In Transylvania Arad
30%
13 196,000 Spain Suburb of Madrid, means 'Citadel on the river Henares' Alcalá de Henares
26%
18 167,000 Spain In the Madrid metropolitan area Alcorcón
26%
15 191,000 Russia Founded for resettlement of Armenians Armavir
12%
No matching quizzes found
Score Distribution
Percent of People with Each Score
Percentile by Number Answered
Your Score History
You have not taken this quiz since the last reset